| 000 | 00786nam a2200253 i 4500 | ||
|---|---|---|---|
| 001 | bg | ||
| 100 | 1 | _aFILPA-EKVALL, Dominique | |
| 245 | 1 | 0 |
_aVocabualaire illustrè : _b350 exercices - Niveau dèbutant / _c[Dominique Filpa-Ekvall, Francis Prouillac et Peter Watcyn-Jones]. |
| 260 |
_aVanves : _bHachette, _ccop.1988. |
||
| 300 |
_a171 s. : _brys. ; _c25 cm. |
||
| 490 | 1 |
_aExerçons-nous, _x1142-768X |
|
| 650 | 9 |
_aJęzyk francuski _xsłownictwo |
|
| 655 | _aĆwiczenia i zadania | ||
| 700 | 1 | _aPROUILLAC, Francis | |
| 700 | 1 | _aWATCYN-JONES, Peter | |
| 830 |
_aExerçons-nous, _x1142-768X |
||
| 020 | _a2010198611 | ||
| 040 | _cBPK | ||
| 041 | 0 | _afr | |
| 080 | _a811.133.1'373(076) | ||
| 920 | _a2-01-019861-1 | ||
| 942 | _cKS | ||
| 008 | s pl f |000 0 pol | ||
| 999 |
_c36274 _d36274 |
||